Konjunktúrne tendencie vo vnútornom obchode SR

Bibliographic Details
Main Author: (HN-Ob) (Author)
Format: Article
Language:Slovak
PhysicalDescription:Grafy 3, tab. 1
ISSN:0862-9567
Subjects:

MARC

LEADER 00000nab a2200000 a 4500
001 vtls000619180
003 SK-MaSNL
005 20260302185246.0
008 140228c1997 xo 0 slo
015 |a SNBRB19rr/mm-uuuuu 
035 |a CL0619319 
040 |a SNKBUCL  |b slo  |c SNKBUCL  |e AACR2 
041 0 |a slo 
044 |a xo  |c SK 
080 |a 339.3(437.6)  |2 1981 
100 1 |a (HN-Ob)  |4 aut  |9 900121 
245 1 0 |a Konjunktúrne tendencie vo vnútornom obchode SR  |c (HN-ob) 
300 |b Grafy 3, tab. 1 
650 0 7 |a vnútorný obchod  |2 snkbucl  |9 2197 
655 7 |a články z novín a časopisov  |2 snkbucl  |9 267496 
773 0 |t Hospodárske noviny  |g Roč. 5, č. 36 (21. 2. 1997)  |x 0862-9567 
773 0 |t [Príl.] Burzové noviny  |g Č. 36, s. 5  |x 0862-9567 
850 |a Slovenská národná knižnica v Martine  |a MTA001 
852 |a SNK  |b KIS3GCP 
958 |a SK 
958 |a RK 
992 |a RBX 
999 |c 1428792  |d 1430722